|
|
|
|
| LEADER |
00987nam a2200265 a 4500 |
| 001 |
00025568 |
| 008 |
120719s2009 enka 001 0 eng d |
| 010 |
|
|
|a 82022005
|
| 020 |
|
|
|a 9780521141765
|
| 020 |
|
|
|a 0521289491 (pbk.)
|
| 040 |
|
|
|a DLC
|c DLC
|d DLC
|d BD-DhAAL
|
| 082 |
0 |
0 |
|a 415
|2 19
|
| 100 |
1 |
|
|a Hurford, James R.
|
| 245 |
1 |
0 |
|a Semantics :
|b a coursebook /
|c James R. Hurford, Brendan Heasley and Michael B. Smith
|
| 250 |
|
|
|a 2nd ed.
|
| 260 |
|
|
|a Cambridge [Cambridgeshire] ;
|a New York :
|b Cambridge University Press,
|c 2009
|
| 300 |
|
|
|a xiii, 350 p. :
|b ill. ;
|c 23 cm.
|
| 500 |
|
|
|a Includes index.
|
| 541 |
|
|
|a 00025568
|
| 650 |
|
0 |
|a Semantics.
|
| 700 |
1 |
|
|a Heasley, Brendan,
|d 1946-
|
| 700 |
1 |
|
|a Smith, Michael B.
|
| 852 |
1 |
|
|a Ayesha Abed Library
|j General shelf
|
| 999 |
|
|
|c 12591
|d 12591
|
| 952 |
|
|
|0 0
|1 0
|2 ddc
|4 0
|6 415_000000000000000_HUR
|7 0
|9 20780
|a BRACUL
|b BRACUL
|c GEN
|d 2012-07-19
|e Riza Enterprize
|g 610.00
|l 4
|m 1
|o 415 HUR
|p 3010025568
|r 2024-05-10
|s 2024-04-27
|t 1
|w 2012-07-19
|y BK
|